Projektové financovanie - pohľad bankára

Využívanie projektového financovania takmer vo všetkých významných výrobných odvetviach aj v službách. Najvhodnejšie financovanie je možné pripraviť práve spoluprácou špecialistu zameraného na konkrétne odevtvei a špecialistu na projektové financovanie. Posudzovanie návratnosti zdrojov vložených ban...

ver descrição completa

Na minha lista:
Detalhes bibliográficos
Autor principal: Hajdu, Pavol
Formato: Capítulo de Livro
Idioma:eslovaco
Assuntos:
Tags: Adicionar Tag
Sem tags, seja o primeiro a adicionar uma tag!

MARC

LEADER 00000naa$a2200000$$$4500
001 0026812
005 20231106074517.6
041 0 |a slo 
044 |a SK 
245 1 0 |a Projektové financovanie - pohľad bankára  |c Pavol Hajdu 
520 |a Využívanie projektového financovania takmer vo všetkých významných výrobných odvetviach aj v službách. Najvhodnejšie financovanie je možné pripraviť práve spoluprácou špecialistu zameraného na konkrétne odevtvei a špecialistu na projektové financovanie. Posudzovanie návratnosti zdrojov vložených bankami do projektu na báze cash flow. Zúčastnené subjekty v projektovom financovaní. Predchádzanie rizikám. Realizačné riziko. 
610 2 0 |a financovanie projektové 
610 2 0 |a projekty 
610 2 0 |a zdroje finančné 
610 2 0 |a banky 
610 2 0 |a financovanie 
610 2 0 |a cash flow 
610 2 0 |a riziko bankové 
100 1 |a Hajdu, Pavol